000 00484nam a2200181Ia 4500
008 100315s9999 xx 000 0 und d
082 _b548 
100 _a"MURTHY, GURUPRASAD N. "
245 _aCAPITAL EXPENDITURE DECISIONS
260 _aBombay 
_bVora & co.  
_c1971 
300 _a34P 
365 _eAus.Sch. 
_d
_b1.50 
366 _f
530 _b-  
630 _aCAPITAL EXPENDITURE DECISIONS
730 _aCAPITAL EXPENDITURE DECISIONS
942 _cBOOK
999 _c475283
_d475280